[Event "Nordic Chess-ch 2019"]
[Site "Sarpsborg"]
[Date "2019.06.25"]
[Round "7.25"]
[White "Haggar, Haytham"]
[Black "Henriksen, Morgan"]
[Result "1/2-1/2"]
[WhiteElo "1309"]
[BlackElo "1717"]
[Annotator "NA"]
[PlyCount "154"]
[EventDate "2019.06.21"]
[EventType "swiss"]
[EventCountry "NOR"]
[SourceTitle "playchess.com"]
[Source "ChessBase"]
[SourceQuality "1"]
[TimeControl "40/5400+30:1800+30"]

1. d4 {[%emt 0:00:00]} d5 {[%emt 0:00:00]} 2. c4 {[%emt 0:00:00]} c6 {[%emt 0:00:00]} 3. e3 {[%emt 0:01:33]} Nf6 {[%emt 0:00:00]} 4. Nc3 {[%emt 0:00:17]} e6 {[%emt 0:02:05]} 5. Bd3 {[%emt 0:01:07]} Nbd7 {[%emt 0:00:31]} 6. Nge2 {[%emt 0:00:37]} dxc4 {[%emt 0:00:32]} 7. Bxc4 {[%emt 0:00:10]} b5 {[%emt 0:00:20]} 8. Bd3 {[%emt 0:00:49]} Bb7 {[%emt 0:00:09]} 9. f3 {[%emt 0:01:14]} a6 {[%emt 0:01:49]} 10. O-O {[%emt 0:01:39]} c5 {[%emt 0:02:59]} 11. b3 {[%emt 0:04:20]} cxd4 {[%emt 0:05:13]} 12. Nxd4 {[%emt 0:01:40]} Qc7 {[%emt 0:06:08]} 13. Bb2 {[%emt 0:04:57]} Bc5 {[%emt 0:03:16]} 14. Qe2 {[%emt 0:09:34]} O-O {[%emt 0:05:28]} 15. Rac1 {[%emt 0:02:58]} Qb6 {[%emt 0:02:29]} 16. Rfe1 {[%emt 0:06:12]} Ne5 {[%emt 0:10:03]} 17. Bb1 {[%emt 0:07:28]} Bxd4 {[%emt 0:09:22]} 18. exd4 {[%emt 0:00:38]} Qxd4+ {[%emt 0:01:43]} 19. Kh1 {[%emt 0:00:10]} Ng6 {[%emt 0:04:47]} 20. Nxb5 {[%emt 0:01:13]} Qb6 {[%emt 0:01:43]} 21. Na3 {[%emt 0:03:36]} Rfd8 {[%emt 0:07:51]} 22. Nc4 {[%emt 0:03:02]} Qb5 {[%emt 0:00:25]} 23. Red1 {[%emt 0:09:02]} Bd5 {[%emt 0:05:17]} 24. Rd2 {[%emt 0:09:35]} Qb7 {[%emt 0:09:32]} 25. Rdc2 {[%emt 0:06:46]} Ne7 {[%emt 0:04:51]} 26. Ne5 {[%emt 0:01:18]} Rac8 {[%emt 0:00:10]} 27. Rxc8 {[%emt 0:05:01]} Rxc8 {[%emt 0:00:05]} 28. Rxc8+ {[%emt 0:00:39]} Qxc8 {[%emt 0:00:18]} 29. Bd3 {[%emt 0:03:49]} Bb7 {[%emt 0:00:19]} 30. Qd2 {[%emt 0:01:04]} Ned5 {[%emt 0:01:01]} 31. Bc4 {[%emt 0:01:54]} Qc5 {[%emt 0:01:11]} 32. Bd4 {[%emt 0:01:04]} Qb4 {[%emt 0:00:39]} 33. Qxb4 {[%emt 0:03:38]} Nxb4 {[%emt 0:00:05]} 34. a4 {[%emt 0:00:53]} Nfd5 {[%emt 0:01:08]} 35. a5 {[%emt 0:01:14]} g6 {[%emt 0:05:56]} 36. Nd7 {[%emt 0:01:03]} h5 {[%emt 0:01:18]} 37. Nf6+ {[%emt 0:00:52]} Nxf6 {[%emt 0:01:08]} 38. Bxf6 {[%emt 0:00:13]} Kf8 {[%emt 0:00:28]} 39. Kg1 {[%emt 0:01:06]} Nd5 {[%emt 0:00:48]} 40. Bd4 {[%emt 0:00:42]} Ke7 {[%emt 0:00:43]} 41. Kf2 {[%emt 0:30:14]} Kd6 {[%emt 0:34:36]} 42. g3 {[%emt 0:01:38]} Nc7 {[%emt 0:02:05]} 43. f4 {[%emt 0:00:57]} Bd5 {[%emt 0:00:21]} 44. Be5+ {[%emt 0:00:48]} Kc6 {[%emt 0:01:12]} 45. Bxc7 {[%emt 0:00:52]} Kxc7 {[%emt 0:00:05]} 46. Bxa6 {[%emt 0:02:37]} Bxb3 {[%emt 0:00:06]} 47. Ke3 {[%emt 0:00:33]} f6 {[%emt 0:00:00]} 48. Kd4 {[%emt 0:00:00]} Kd6 {[%emt 0:00:00]} 49. Bb7 {[%emt 0:00:00]} Kc7 {[%emt 0:00:00]} 50. a6 {[%emt 0:00:00]} Kb6 {[%emt 0:00:00]} 51. h4 {[%emt 0:00:00]} Bc2 {[%emt 0:00:00]} 52. Bc8 {[%emt 0:00:00]} Bf5 {[%emt 0:00:00]} 53. Bb7 {[%emt 0:00:00]} Bg4 {[%emt 0:00:00]} 54. Be4 {[%emt 0:00:00]} Kxa6 {[%emt 0:00:00]} 55. Bxg6 {[%emt 0:00:00]} Kb6 {[%emt 0:00:00]} 56. Be8 {[%emt 0:00:00]} Kc7 {[%emt 0:00:00]} 57. Kc5 {[%emt 0:00:00]} Kd8 {[%emt 0:00:00]} 58. Bc6 {[%emt 0:00:00]} Ke7 {[%emt 0:00:00]} 59. Be4 {[%emt 0:00:00]} Kd7 {[%emt 0:00:19]} 60. Kd4 {[%emt 0:00:00]} Kd6 {[%emt 0:00:27]} 61. Ke3 {[%emt 0:00:00]} e5 {[%emt 0:03:44]} 62. Bf3 {[%emt 0:00:00]} exf4+ {[%emt 0:01:49]} 63. Kxf4 {[%emt 0:00:15]} Bxf3 {[%emt 0:01:02]} 64. Kxf3 {[%emt 0:00:25]} Ke5 {[%emt 0:00:04]} 65. g4 {[%emt 0:00:35]} hxg4+ {[%emt 0:00:14]} 66. Kxg4 {[%emt 0:00:11]} f5+ {[%emt 0:00:11]} 67. Kg5 {[%emt 0:03:01]} f4 {[%emt 0:00:11]} 68. h5 {[%emt 0:00:21]} f3 {[%emt 0:00:08]} 69. h6 {[%emt 0:00:05]} f2 {[%emt 0:06:06]} 70. h7 {[%emt 0:09:21]} f1=Q {[%emt 0:00:00]} 71. h8=Q+ {[%emt 0:00:00]} Kd5 {[%emt 0:00:00]} 72. Qd8+ {[%emt 0:00:00]} Ke4 {[%emt 0:00:00]} 73. Qe7+ {[%emt 0:00:00]} Kf3 {[%emt 0:00:00]} 74. Qa3+ {[%emt 0:00:00]} Kg2 {[%emt 0:00:00]} 75. Qb2+ {[%emt 0:00:00]} Kg1 {[%emt 0:00:00]} 76. Qb6+ {[%emt 0:00:00]} Qf2 {[%emt 0:00:00]} 77. Qxf2+ {[%emt 0:03:30]} Kxf2 {[%emt 0:04:00]} 1/2-1/2

[Event "Nordic Chess-ch 2019"]
[Site "Sarpsborg"]
[Date "2019.06.25"]
[Round "7.26"]
[White "Berisha, Xhafer"]
[Black "Holand, Per Fredrik"]
[Result "1-0"]
[WhiteElo "1340"]
[BlackElo "1883"]
[Annotator "NA"]
[PlyCount "101"]
[EventDate "2019.06.21"]
[EventType "swiss"]
[EventCountry "NOR"]
[SourceTitle "playchess.com"]
[Source "ChessBase"]
[SourceQuality "1"]
[TimeControl "40/5400+30:1800+30"]

1. e3 {[%emt 0:01:29]} g6 {[%emt 0:09:48]} 2. c4 {[%emt 0:00:22]} Bg7 {[%emt 0:00:47]} 3. d4 {[%emt 0:00:31]} f5 {[%emt 0:00:59]} 4. Nc3 {[%emt 0:00:20]} Nf6 {[%emt 0:00:05]} 5. Bd3 {[%emt 0:01:12]} O-O {[%emt 0:00:26]} 6. Nge2 {[%emt 0:00:13]} d6 {[%emt 0:00:18]} 7. f4 {[%emt 0:00:29]} e5 {[%emt 0:02:52]} 8. fxe5 {[%emt 0:01:25]} dxe5 {[%emt 0:00:06]} 9. O-O {[%emt 0:01:17]} Nc6 {[%emt 0:10:00]} 10. d5 {[%emt 0:01:48]} Ne7 {[%emt 0:02:14]} 11. Ng3 {[%emt 0:00:55]} e4 {[%emt 0:01:31]} 12. Be2 {[%emt 0:00:16]} Kh8 {[%emt 0:01:19]} 13. Rb1 {[%emt 0:00:33]} Neg8 {[%emt 0:02:15]} 14. Nb5 {[%emt 0:01:22]} a6 {[%emt 0:04:42]} 15. Nd4 {[%emt 0:00:20]} Nh6 {[%emt 0:00:21]} 16. h3 {[%emt 0:00:48]} Qd6 {[%emt 0:01:41]} 17. Qe1 {[%emt 0:00:45]} c5 {[%emt 0:11:14]} 18. Nc2 {[%emt 0:10:49]} a5 {[%emt 0:03:46]} 19. Na3 {[%emt 0:00:59]} Bd7 {[%emt 0:00:08]} 20. Bd2 {[%emt 0:00:37]} g5 {[%emt 0:04:36]} 21. Bc3 {[%emt 0:03:05]} Rae8 {[%emt 0:03:33]} 22. Nb5 {[%emt 0:00:14]} Bxb5 {[%emt 0:00:12]} 23. cxb5 {[%emt 0:00:45]} f4 {[%emt 0:00:29]} 24. Nh5 {[%emt 0:01:46]} Nxh5 {[%emt 0:02:59]} 25. Bxh5 {[%emt 0:00:19]} Re7 {[%emt 0:02:55]} 26. Bxg7+ {[%emt 0:00:46]} Kxg7 {[%emt 0:00:07]} 27. Qc3+ {[%emt 0:00:51]} Rf6 {[%emt 0:03:46]} 28. exf4 {[%emt 0:00:49]} gxf4 {[%emt 0:00:37]} 29. Rbe1 {[%emt 0:00:27]} Qxd5 {[%emt 0:02:29]} 30. Rxf4 {[%emt 0:01:55]} Qe5 {[%emt 0:07:34]} 31. Rfxe4 {[%emt 0:04:55]} Qxe4 {[%emt 0:00:54]} 32. Rxe4 {[%emt 0:00:15]} Rxe4 {[%emt 0:00:14]} 33. Qxc5 {[%emt 0:01:14]} Ng8 {[%emt 0:04:51]} 34. Bf3 {[%emt 0:01:04]} Re7 {[%emt 0:00:50]} 35. Bd5 {[%emt 0:00:45]} b6 {[%emt 0:00:53]} 36. Qc4 {[%emt 0:00:25]} Nh6 {[%emt 0:00:31]} 37. Qc3 {[%emt 0:00:28]} Nf7 {[%emt 0:00:59]} 38. b4 {[%emt 0:01:04]} axb4 {[%emt 0:01:03]} 39. Qxb4 {[%emt 0:00:15]} Re5 {[%emt 0:01:24]} 40. Qc4 {[%emt 0:01:22]} Re7 {[%emt 0:02:47]} 41. Qc8 {[%emt 0:30:51]} Rg6 {[%emt 0:31:04]} 42. a4 {[%emt 0:00:40]} Ra7 {[%emt 0:01:21]} 43. Qc3+ {[%emt 0:00:31]} Kh6 {[%emt 0:01:18]} 44. Qd4 {[%emt 0:00:36]} Nd6 {[%emt 0:04:35]} 45. Qxb6 {[%emt 0:00:37]} Rxa4 {[%emt 0:00:33]} 46. Qe3+ {[%emt 0:00:32]} Kg7 {[%emt 0:00:18]} 47. b6 {[%emt 0:00:05]} Ra1+ {[%emt 0:00:43]} 48. Kh2 {[%emt 0:00:10]} Rb1 {[%emt 0:04:09]} 49. h4 {[%emt 0:01:06]} h5 {[%emt 0:00:00]} 50. Qe7+ {[%emt 0:00:00]} Kh6 {[%emt 0:00:00]} 51. b7 {[%emt 0:00:00]} 1-0

[Event "Nordic Chess-ch 2019"]
[Site "Sarpsborg"]
[Date "2019.06.25"]
[Round "7.27"]
[White "Kro, Andreas Fuskeland"]
[Black "Johansen, Torbjorn Reidar"]
[Result "1/2-1/2"]
[WhiteElo "1565"]
[BlackElo "1754"]
[Annotator "NA"]
[PlyCount "120"]
[EventDate "2019.06.21"]
[EventType "swiss"]
[EventCountry "NOR"]
[SourceTitle "playchess.com"]
[Source "ChessBase"]
[SourceQuality "1"]
[TimeControl "40/5400+30:1800+30"]

1. d4 {[%emt 0:00:00]} Nf6 {[%emt 0:00:24]} 2. c4 {[%emt 0:00:00]} d6 {[%emt 0:00:22]} 3. Nc3 {[%emt 0:00:07]} g6 {[%emt 0:00:06]} 4. Nf3 {[%emt 0:00:07]} Bg7 {[%emt 0:00:06]} 5. Bg5 {[%emt 0:00:06]} Nbd7 {[%emt 0:00:08]} 6. e3 {[%emt 0:00:17]} O-O {[%emt 0:00:11]} 7. Be2 {[%emt 0:00:12]} c5 {[%emt 0:01:37]} 8. O-O {[%emt 0:03:53]} cxd4 {[%emt 0:02:23]} 9. exd4 {[%emt 0:00:43]} h6 {[%emt 0:01:02]} 10. Bh4 {[%emt 0:01:15]} Nh7 {[%emt 0:00:44]} 11. Bd3 {[%emt 0:08:00]} f5 {[%emt 0:00:12]} 12. Qc2 {[%emt 0:01:20]} Nb8 {[%emt 0:01:26]} 13. Rfe1 {[%emt 0:07:17]} g5 {[%emt 0:03:41]} 14. Bg3 {[%emt 0:00:17]} Nc6 {[%emt 0:00:06]} 15. a3 {[%emt 0:06:20]} g4 {[%emt 0:01:57]} 16. d5 {[%emt 0:03:44]} gxf3 {[%emt 0:01:51]} 17. dxc6 {[%emt 0:00:05]} fxg2 {[%emt 0:00:13]} 18. c7 {[%emt 0:03:11]} Qd7 {[%emt 0:01:16]} 19. c5 {[%emt 0:08:17]} Ng5 {[%emt 0:02:50]} 20. Bb5 {[%emt 0:13:18]} Qxc7 {[%emt 0:05:08]} 21. Qb3+ {[%emt 0:02:22]} e6 {[%emt 0:00:45]} 22. Bxd6 {[%emt 0:01:11]} Qf7 {[%emt 0:00:30]} 23. Ne2 {[%emt 0:04:26]} Rd8 {[%emt 0:09:55]} 24. Nf4 {[%emt 0:02:37]} Kh8 {[%emt 0:02:33]} 25. Bc4 {[%emt 0:01:43]} Re8 {[%emt 0:02:42]} 26. Re2 {[%emt 0:06:12]} a6 {[%emt 0:03:29]} 27. a4 {[%emt 0:06:05]} Qd7 {[%emt 0:10:20]} 28. h4 {[%emt 0:04:51]} Ne4 {[%emt 0:00:53]} 29. Rd1 {[%emt 0:01:17]} Qc6 {[%emt 0:00:29]} 30. Bxe6 {[%emt 0:08:39]} Nxc5 {[%emt 0:02:48]} 31. Bxc5 {[%emt 0:01:20]} Qxc5 {[%emt 0:01:05]} 32. Rde1 {[%emt 0:00:45]} Qd4 {[%emt 0:05:28]} 33. Qg3 {[%emt 0:02:35]} Bxe6 {[%emt 0:07:44]} 34. Nxe6 {[%emt 0:00:06]} Qf6 {[%emt 0:00:17]} 35. Qxg7+ {[%emt 0:00:07]} Qxg7 {[%emt 0:00:18]} 36. Nxg7 {[%emt 0:00:08]} Rxe2 {[%emt 0:00:11]} 37. Rxe2 {[%emt 0:00:06]} Kxg7 {[%emt 0:00:07]} 38. Re7+ {[%emt 0:00:20]} Kf6 {[%emt 0:03:29]} 39. Rxb7 {[%emt 0:01:20]} Rg8 {[%emt 0:00:05]} 40. f4 {[%emt 0:02:11]} Ke6 {[%emt 0:01:31]} 41. Rb6+ {[%emt 0:33:05]} Kd5 {[%emt 0:30:06]} 42. h5 {[%emt 0:00:00]} a5 {[%emt 0:00:00]} 43. Rxh6 {[%emt 0:00:00]} Rb8 {[%emt 0:00:00]} 44. Rg6 {[%emt 0:00:00]} Rxb2 {[%emt 0:00:00]} 45. h6 {[%emt 0:00:00]} Rb8 {[%emt 0:00:00]} 46. h7 {[%emt 0:00:00]} Rh8 {[%emt 0:00:00]} 47. Rh6 {[%emt 0:00:00]} Ke4 {[%emt 0:00:00]} 48. Kxg2 {[%emt 0:00:00]} Kxf4 {[%emt 0:00:00]} 49. Kf2 {[%emt 0:00:00]} Kg5 {[%emt 0:00:00]} 50. Rh1 {[%emt 0:00:00]} Kg6 {[%emt 0:00:00]} 51. Rg1+ {[%emt 0:00:00]} Kxh7 {[%emt 0:00:00]} 52. Kf3 {[%emt 0:00:00]} Re8 {[%emt 0:00:00]} 53. Kf4 {[%emt 0:00:00]} Re4+ {[%emt 0:00:00]} 54. Kxf5 {[%emt 0:00:00]} Rxa4 {[%emt 0:00:00]} 55. Ke5 {[%emt 0:00:00]} Ra2 {[%emt 0:00:00]} 56. Kd4 {[%emt 0:00:00]} a4 {[%emt 0:00:00]} 57. Kc3 {[%emt 0:00:00]} Kh6 {[%emt 0:00:00]} 58. Kb4 {[%emt 0:00:00]} Kh5 {[%emt 0:00:00]} 59. Rg3 {[%emt 0:00:00]} Kh4 {[%emt 0:00:00]} 60. Ra3 {[%emt 0:00:00]} Rxa3 {[%emt 0:00:00]} 1/2-1/2

[Event "Nordic Chess-ch 2019"]
[Site "Sarpsborg"]
[Date "2019.06.25"]
[Round "7.28"]
[White "Pettersen, Morgan Buckholm"]
[Black "Hanebuth, Katja"]
[Result "1/2-1/2"]
[WhiteElo "1508"]
[BlackElo "1463"]
[Annotator "NA"]
[PlyCount "136"]
[EventDate "2019.06.21"]
[EventType "swiss"]
[EventCountry "NOR"]
[SourceTitle "playchess.com"]
[Source "ChessBase"]
[SourceQuality "1"]
[TimeControl "40/5400+30:1800+30"]

1. d4 {[%emt 0:00:00]} Nf6 {[%emt 0:00:01]} 2. c4 {[%emt 0:00:00]} e6 {[%emt 0:00:15]} 3. Nc3 {[%emt 0:00:00]} d5 {[%emt 0:00:14]} 4. Nf3 {[%emt 0:00:09]} b6 {[%emt 0:01:41]} 5. Bg5 {[%emt 0:02:45]} Be7 {[%emt 0:02:26]} 6. e3 {[%emt 0:00:16]} O-O {[%emt 0:03:08]} 7. Be2 {[%emt 0:00:13]} dxc4 {[%emt 0:00:30]} 8. Bxc4 {[%emt 0:00:11]} h6 {[%emt 0:04:57]} 9. Bh4 {[%emt 0:00:25]} Bb7 {[%emt 0:01:21]} 10. O-O {[%emt 0:00:22]} Ba6 {[%emt 0:08:16]} 11. Bxa6 {[%emt 0:06:28]} Nxa6 {[%emt 0:00:11]} 12. Qa4 {[%emt 0:00:43]} Nb4 {[%emt 0:00:47]} 13. Bxf6 {[%emt 0:05:04]} gxf6 {[%emt 0:00:32]} 14. Ne4 {[%emt 0:03:44]} c6 {[%emt 0:02:59]} 15. a3 {[%emt 0:02:48]} b5 {[%emt 0:00:27]} 16. Qd1 {[%emt 0:04:13]} Nd5 {[%emt 0:00:32]} 17. Ng3 {[%emt 0:01:35]} Kh8 {[%emt 0:08:39]} 18. Rc1 {[%emt 0:01:52]} Qe8 {[%emt 0:03:30]} 19. Qd2 {[%emt 0:00:31]} Kh7 {[%emt 0:01:30]} 20. e4 {[%emt 0:06:21]} Nb6 {[%emt 0:02:27]} 21. Qf4 {[%emt 0:00:57]} Rg8 {[%emt 0:01:59]} 22. Nh5 {[%emt 0:02:22]} Rg6 {[%emt 0:08:56]} 23. Nh4 {[%emt 0:03:58]} f5 {[%emt 0:09:35]} 24. Nxg6 {[%emt 0:05:10]} Bg5 {[%emt 0:00:42]} 25. Qxg5 {[%emt 0:15:41]} hxg5 {[%emt 0:03:57]} 26. Nf6+ {[%emt 0:00:43]} Kxg6 {[%emt 0:00:24]} 27. Nxe8 {[%emt 0:00:12]} Rxe8 {[%emt 0:00:13]} 28. exf5+ {[%emt 0:00:17]} Kxf5 {[%emt 0:00:29]} 29. Rxc6 {[%emt 0:00:49]} Nd5 {[%emt 0:04:23]} 30. Re1 {[%emt 0:03:02]} Re7 {[%emt 0:05:12]} 31. Rc5 {[%emt 0:01:06]} Rb7 {[%emt 0:01:09]} 32. Re5+ {[%emt 0:01:33]} Kf6 {[%emt 0:02:09]} 33. g3 {[%emt 0:02:30]} a5 {[%emt 0:00:43]} 34. Kg2 {[%emt 0:00:35]} a4 {[%emt 0:00:55]} 35. Kf3 {[%emt 0:00:58]} b4 {[%emt 0:00:32]} 36. Kg4 {[%emt 0:06:55]} bxa3 {[%emt 0:01:19]} 37. bxa3 {[%emt 0:00:24]} Rb3 {[%emt 0:02:02]} 38. Rexd5 {[%emt 0:04:19]} exd5 {[%emt 0:00:39]} 39. Rxd5 {[%emt 0:00:10]} Rxa3 {[%emt 0:00:19]} 40. Ra5 {[%emt 0:01:18]} Ra2 {[%emt 0:01:55]} 41. Rf5+ {[%emt 0:32:02]} Ke7 {[%emt 0:30:50]} 42. Kxg5 {[%emt 0:02:19]} a3 {[%emt 0:00:27]} 43. h4 {[%emt 0:03:10]} Rb2 {[%emt 0:00:19]} 44. Ra5 {[%emt 0:06:59]} a2 {[%emt 0:00:20]} 45. Kg4 {[%emt 0:01:07]} Rxf2 {[%emt 0:00:35]} 46. h5 {[%emt 0:00:47]} Kf8 {[%emt 0:05:39]} 47. Kg5 {[%emt 0:02:32]} Rb2 {[%emt 0:01:42]} 48. Kh6 {[%emt 0:02:45]} Rg2 {[%emt 0:07:07]} 49. Ra8+ {[%emt 0:00:00]} Ke7 {[%emt 0:00:00]} 50. Kh7 {[%emt 0:00:00]} f5 {[%emt 0:00:00]} 51. h6 {[%emt 0:00:00]} Kd6 {[%emt 0:00:00]} 52. Ra5 {[%emt 0:00:00]} Rxg3 {[%emt 0:00:00]} 53. Rxa2 {[%emt 0:00:00]} f4 {[%emt 0:00:00]} 54. Ra6+ {[%emt 0:00:00]} Kd5 {[%emt 0:00:00]} 55. Rg6 {[%emt 0:00:00]} Kxd4 {[%emt 0:00:00]} 56. Kg7 {[%emt 0:00:00]} Ke3 {[%emt 0:00:00]} 57. h7 {[%emt 0:00:00]} Kf2 {[%emt 0:00:00]} 58. h8=Q {[%emt 0:00:00]} Rxg6+ {[%emt 0:00:00]} 59. Kxg6 {[%emt 0:00:00]} f3 {[%emt 0:00:00]} 60. Kf5 {[%emt 0:00:00]} Kg2 {[%emt 0:00:00]} 61. Qa8 {[%emt 0:00:00]} Kg3 {[%emt 0:00:00]} 62. Qg8+ {[%emt 0:00:00]} Kh2 {[%emt 0:00:00]} 63. Kf4 {[%emt 0:00:00]} f2 {[%emt 0:00:00]} 64. Qg3+ {[%emt 0:00:00]} Kh1 {[%emt 0:00:00]} 65. Qh3+ {[%emt 0:01:40]} Kg1 {[%emt 0:00:00]} 66. Qe3 {[%emt 0:00:13]} Kg2 {[%emt 0:00:00]} 67. Qe2 {[%emt 0:00:30]} Kg1 {[%emt 0:00:00]} 68. Qe3 {[%emt 0:00:23]} Kg2 {[%emt 0:00:00]} 1/2-1/2

[Event "Nordic Chess-ch 2019"]
[Site "Sarpsborg"]
[Date "2019.06.25"]
[Round "7.29"]
[White "Eiding, Amanda Mai Irgens"]
[Black "Nordtug, Per Oistein"]
[Result "0-1"]
[WhiteElo "1655"]
[BlackElo "1456"]
[Annotator "NA"]
[PlyCount "90"]
[EventDate "2019.06.21"]
[EventType "swiss"]
[EventCountry "NOR"]
[SourceTitle "playchess.com"]
[Source "ChessBase"]
[SourceQuality "1"]
[TimeControl "40/5400+30:1800+30"]

1. e4 {[%emt 0:00:00]} d5 {[%emt 0:00:00]} 2. exd5 {[%emt 0:00:30]} Qxd5 {[%emt 0:00:30]} 3. Nc3 {[%emt 0:00:09]} Qa5 {[%emt 0:00:17]} 4. d4 {[%emt 0:00:12]} Nf6 {[%emt 0:00:05]} 5. Nf3 {[%emt 0:00:21]} c6 {[%emt 0:00:10]} 6. Bd2 {[%emt 0:00:15]} Bf5 {[%emt 0:00:07]} 7. Bc4 {[%emt 0:00:56]} e6 {[%emt 0:00:07]} 8. Qe2 {[%emt 0:00:23]} Bb4 {[%emt 0:00:06]} 9. O-O {[%emt 0:01:17]} O-O {[%emt 0:00:39]} 10. a3 {[%emt 0:00:36]} Bd6 {[%emt 0:02:54]} 11. d5 {[%emt 0:01:21]} Qc7 {[%emt 0:01:42]} 12. dxe6 {[%emt 0:01:49]} fxe6 {[%emt 0:01:16]} 13. Bxe6+ {[%emt 0:00:18]} Bxe6 {[%emt 0:00:07]} 14. Qxe6+ {[%emt 0:00:11]} Kh8 {[%emt 0:00:06]} 15. Rfe1 {[%emt 0:01:25]} Nbd7 {[%emt 0:01:19]} 16. h3 {[%emt 0:02:24]} Rae8 {[%emt 0:06:49]} 17. Qc4 {[%emt 0:01:48]} Ne5 {[%emt 0:02:28]} 18. Nxe5 {[%emt 0:01:26]} Bxe5 {[%emt 0:00:30]} 19. Be3 {[%emt 0:02:23]} b5 {[%emt 0:03:14]} 20. Qc5 {[%emt 0:03:47]} a6 {[%emt 0:00:42]} 21. Qa7 {[%emt 0:02:09]} Qxa7 {[%emt 0:02:01]} 22. Bxa7 {[%emt 0:00:07]} Bxc3 {[%emt 0:00:13]} 23. bxc3 {[%emt 0:01:34]} Ne4 {[%emt 0:00:01]} 24. Bd4 {[%emt 0:00:32]} c5 {[%emt 0:00:27]} 25. Be3 {[%emt 0:00:18]} Nxc3 {[%emt 0:01:57]} 26. Bxc5 {[%emt 0:00:25]} Rxe1+ {[%emt 0:00:06]} 27. Rxe1 {[%emt 0:00:19]} Rc8 {[%emt 0:00:26]} 28. Bd4 {[%emt 0:04:29]} Kg8 {[%emt 0:00:00]} 29. Re6 {[%emt 0:06:45]} Kf7 {[%emt 0:00:00]} 30. Re3 {[%emt 0:01:26]} Nd5 {[%emt 0:02:23]} 31. Rg3 {[%emt 0:00:58]} g6 {[%emt 0:00:43]} 32. c3 {[%emt 0:00:37]} Rc4 {[%emt 0:00:29]} 33. Rg5 {[%emt 0:03:52]} Nxc3 {[%emt 0:01:05]} 34. Bc5 {[%emt 0:03:33]} Ne4 {[%emt 0:00:34]} 35. Rd5 {[%emt 0:03:26]} Nxc5 {[%emt 0:00:21]} 36. Kf1 {[%emt 0:00:29]} a5 {[%emt 0:01:56]} 37. Ke2 {[%emt 0:00:43]} Ke6 {[%emt 0:01:17]} 38. Rd2 {[%emt 0:01:13]} b4 {[%emt 0:01:55]} 39. axb4 {[%emt 0:00:24]} axb4 {[%emt 0:00:08]} 40. Rb2 {[%emt 0:00:16]} Kd5 {[%emt 0:03:17]} 41. Rd2+ {[%emt 0:30:32]} Rd4 {[%emt 0:30:14]} 42. Ra2 {[%emt 0:00:46]} b3 {[%emt 0:01:07]} 43. Ra8 {[%emt 0:00:15]} Kc4 {[%emt 0:00:32]} 44. Rb8 {[%emt 0:00:25]} Kc3 {[%emt 0:00:39]} 45. Rc8 {[%emt 0:00:12]} Rd5 {[%emt 0:00:32]} 0-1

[Event "Nordic Chess-ch 2019"]
[Site "Sarpsborg"]
[Date "2019.06.25"]
[Round "7.30"]
[White "Strand, Vetle Bjorge"]
[Black "Tenold, Andreas"]
[Result "1/2-1/2"]
[WhiteElo "1609"]
[BlackElo "1959"]
[Annotator "NA"]
[PlyCount "47"]
[EventDate "2019.06.21"]
[EventType "swiss"]
[EventCountry "NOR"]
[SourceTitle "playchess.com"]
[Source "ChessBase"]
[SourceQuality "1"]
[TimeControl "40/5400+30:1800+30"]

1. d4 {[%emt 0:00:00]} Nf6 {[%emt 0:00:00]} 2. c4 {[%emt 0:00:00]} e6 {[%emt 0:00:00]} 3. Nc3 {[%emt 0:00:00]} Bb4 {[%emt 0:00:00]} 4. Nf3 {[%emt 0:00:00]} O-O {[%emt 0:01:01]} 5. Bg5 {[%emt 0:00:01]} h6 {[%emt 0:02:16]} 6. Bh4 {[%emt 0:00:11]} b6 {[%emt 0:05:06]} 7. e3 {[%emt 0:00:40]} Bb7 {[%emt 0:00:22]} 8. Be2 {[%emt 0:00:04]} d5 {[%emt 0:06:18]} 9. Ne5 {[%emt 0:03:57]} dxc4 {[%emt 0:14:02]} 10. O-O {[%emt 0:02:06]} Bxc3 {[%emt 0:09:07]} 11. bxc3 {[%emt 0:00:09]} b5 {[%emt 0:00:26]} 12. Bf3 {[%emt 0:23:18]} c6 {[%emt 0:04:12]} 13. a4 {[%emt 0:01:14]} Qe7 {[%emt 0:08:52]} 14. Ng4 {[%emt 0:24:59]} Nbd7 {[%emt 0:08:44]} 15. axb5 {[%emt 0:02:56]} Rfc8 {[%emt 0:02:07]} 16. bxc6 {[%emt 0:01:25]} Bxc6 {[%emt 0:00:14]} 17. Bxc6 {[%emt 0:00:21]} Rxc6 {[%emt 0:00:02]} 18. Ne5 {[%emt 0:01:12]} Rcc8 {[%emt 0:02:14]} 19. Nxd7 {[%emt 0:00:40]} Qxd7 {[%emt 0:00:05]} 20. Bxf6 {[%emt 0:00:54]} gxf6 {[%emt 0:00:04]} 21. Ra6 {[%emt 0:10:27]} Qb7 {[%emt 0:10:20]} 22. Ra3 {[%emt 0:06:38]} Qe4 {[%emt 0:06:52]} 23. Qf3 {[%emt 0:04:53]} Qxf3 {[%emt 0:02:30]} 24. gxf3 {[%emt 0:15:55]} 1/2-1/2

[Event "Nordic Chess-ch 2019"]
[Site "Sarpsborg"]
[Date "2019.06.25"]
[Round "7.31"]
[White "Ulrichsen, Jarl H"]
[Black "Store, Trond"]
[Result "1/2-1/2"]
[WhiteElo "2180"]
[BlackElo "2100"]
[Annotator "NA"]
[PlyCount "54"]
[EventDate "2019.06.21"]
[EventType "swiss"]
[EventCountry "NOR"]
[SourceTitle "playchess.com"]
[Source "ChessBase"]
[SourceQuality "1"]
[TimeControl "40/5400+30:1800+30"]

1. d4 {[%emt 0:00:00]} Nf6 {[%emt 0:01:08]} 2. Nf3 {[%emt 0:00:40]} d5 {[%emt 0:00:49]} 3. Bf4 {[%emt 0:04:41]} c6 {[%emt 0:01:40]} 4. c3 {[%emt 0:01:35]} Bf5 {[%emt 0:05:07]} 5. e3 {[%emt 0:00:58]} e6 {[%emt 0:00:08]} 6. Be2 {[%emt 0:03:15]} h6 {[%emt 0:04:13]} 7. h3 {[%emt 0:03:54]} Be7 {[%emt 0:03:46]} 8. Nbd2 {[%emt 0:02:22]} O-O {[%emt 0:00:09]} 9. O-O {[%emt 0:00:12]} Nbd7 {[%emt 0:02:13]} 10. Ne5 {[%emt 0:07:56]} Nxe5 {[%emt 0:01:27]} 11. Bxe5 {[%emt 0:00:08]} Ne4 {[%emt 0:04:05]} 12. Nxe4 {[%emt 0:10:58]} Bxe4 {[%emt 0:00:05]} 13. Qb3 {[%emt 0:04:44]} Qb6 {[%emt 0:01:58]} 14. Qxb6 {[%emt 0:03:26]} axb6 {[%emt 0:00:43]} 15. Bc7 {[%emt 0:00:46]} b5 {[%emt 0:01:56]} 16. a3 {[%emt 0:01:07]} Bc2 {[%emt 0:02:15]} 17. Rfe1 {[%emt 0:05:15]} Rfc8 {[%emt 0:02:55]} 18. Bg3 {[%emt 0:04:48]} Re8 {[%emt 0:05:30]} 19. Rac1 {[%emt 0:02:03]} Bg6 {[%emt 0:11:06]} 20. Bf1 {[%emt 0:04:05]} Bf8 {[%emt 0:02:04]} 21. f3 {[%emt 0:01:41]} f6 {[%emt 0:09:01]} 22. e4 {[%emt 0:18:34]} Rad8 {[%emt 0:03:57]} 23. e5 {[%emt 0:06:04]} Rc8 {[%emt 0:07:23]} 24. Bf4 {[%emt 0:01:41]} Kf7 {[%emt 0:03:32]} 25. Kf2 {[%emt 0:00:34]} Bh7 {[%emt 0:01:56]} 26. Bd2 {[%emt 0:04:39]} fxe5 {[%emt 0:04:03]} 27. Rxe5 {[%emt 0:00:02]} Bd6 {[%emt 0:00:46]} 1/2-1/2